000 00279nam a22001217a 4500
008 181226b xxu||||| |||| 00| 0 eng d
041 _aeng
080 _a616.12
100 _a7
101 _aKAR
245 _aThoracic And Cardiovascular Surgery
_cGlenm.L
942 _2udc
_cBK
999 _c53797
_d53797